00671nam a2200229 a 4500001001300000003000900013005001700022008004100039020001000080082001600090100002400106245003700130260003800167300000800205500003500213650002300248700002400271902000800295942000700303952011600310999001500426nice12345678IN_TiNIC20260116011453.0050524s1942 laha grp 000 0 eng  ac15000a492.75bINA aInatatullah, Shaikh aWhy We Learn the Arabic Language aLahorebSh. Muhammad Ashrafc1942 a48p aincludes index and biblioraphy aArabic-Course Book1 aInatatullah, Shaikh bSRS cBK 001040708StackRoom-aHMIbHMId2008-09-17g150.00l0o492.75 INAp00368r2008-09-17v150.00w2005-05-24yBK c1831d1831